Capitals Ending in Two Consonants - Statistics

General Stats
  • This quiz has been taken 720 times
    718 since last reset
  • The average score is 13 of 22
Answer Stats
Capital City % Correct
Stockholm
75%
Georgetown
69%
Beijing
67%
Athens
65%
Brussels
65%
Bucharest
64%
Budapest
63%
Freetown
63%
Bridgetown
61%
Riyadh
61%
Minsk
60%
Tallinn
60%
Kingstown
59%
Tashkent
58%
Cape Town
57%
Pyongyang
56%
Luxembourg
54%
Phnom Penh
54%
Bern
52%
Algiers
50%
Nouakchott
43%
St. John's
35%
No matching quizzes found
Score Distribution
Percent of People with Each Score
Percentile by Number Answered
Your Score History
You have not taken this quiz since the last reset